The principles of state and government in Islam (Record no. 71661)

000 -LEADER
fixed length control field 00506nam a22001817a 4500
003 - CONTROL NUMBER IDENTIFIER
control field NUST - PNEC
005 - DATE AND TIME OF LATEST TRANSACTION
control field 20170116181206.0
008 - FIXED-LENGTH DATA ELEMENTS--GENERAL INFORMATION
fixed length control field 161122b xxu||||| |||| 00| 0 eng d
020 ## - INTERNATIONAL STANDARD BOOK NUMBER
International Standard Book Number 978969988103
040 ## - CATALOGING SOURCE
Transcribing agency PNEC
082 ## - DEWEY DECIMAL CLASSIFICATION NUMBER
Classification number 320.09176 ASD
100 ## - MAIN ENTRY--PERSONAL NAME
9 (RLIN) 1338
Personal name Asad Muhammad
245 ## - TITLE STATEMENT
Title The principles of state and government in Islam
Remainder of title Muhammad Asad
260 ## - PUBLICATION, DISTRIBUTION, ETC.
Place of publication, distribution, etc. Lahore, Pakistan
Name of publisher, distributor, etc. Peace publication
Date of publication, distribution, etc. c.2015
300 ## - PHYSICAL DESCRIPTION
Extent 107p:
Other physical details ill
Dimensions 22 cm
650 ## - SUBJECT ADDED ENTRY--TOPICAL TERM
General subdivision Islam and state
942 ## - ADDED ENTRY ELEMENTS (KOHA)
Source of classification or shelving scheme
Koha item type Book
Holdings
Withdrawn status Lost status Source of classification or shelving scheme Damaged status Not for loan Permanent Location Current Location Shelving location Date acquired Total Checkouts Full call number Barcode Date last seen Price effective from Koha item type
          Pakistan Navy Engineering College (PNEC) Pakistan Navy Engineering College (PNEC)   11/16/2016   320.09176 ASD PNECLIB-032701 11/22/2016   Book
© 2023 Central Library, National University of Sciences and Technology. All Rights Reserved.